MIKS SLOVA: Glavni gradovi Evrope - Statistics

General Stats
  • This quiz has been taken 230 times
    175 since last reset
  • The average score is 24 of 47
Answer Stats
Riječ Slovo Glavni grad % Correct
ČE B Beč
81%
MI R Rim
81%
SOL O Oslo
80%
VAŠARA V Varšava
77%
SPOLJE K Skoplje
74%
PORODICA G Podgorica
73%
PAR G Prag
73%
PAZI R Pariz
72%
BRE N Bern
69%
ON DNO L London
66%
ARI G Riga
65%
OKANO M Monako
64%
RASTAVILA B Bratislava
62%
PRAŠITI N Priština
62%
MIKS N Minsk
61%
ZEBRA G Zagreb
61%
NALJULJA B Ljubljana
59%
PA UŠTEDIM B Budimpešta
56%
GENE KOPNA H Kopenhagen
55%
BISER L Brisel
54%
LANI T Talin
54%
TIKVAN A Vatikan
52%
TU BUREK Š Bukurešt
51%
UDAV Z Vaduz
51%
SVAKO M Moskva
50%
VIKE J Kijev
48%
SVE RAJA O Sarajevo
48%
RADIM D Madrid
47%
BALNI D Dablin
45%
NA RAK A Ankara
44%
VIŠNJIK E Kišinjev
43%
DRAMA STE M Amsterdam
41%
BRINE L Berlin
41%
INAT A Atina
40%
KISELIH N Helsinki
39%
KOST LOM H Stokholm
39%
RANIO SAM N San Marino
36%
GRDOBA E Beograd
35%
IZA NIKO J Nikozija
35%
RATNI A Tirana
35%
KRAJ VIKE J Rejkjavik
34%
SALONI B Lisabon
27%
SVILU Nj Vilnjus
26%
SIJAO F Sofija
24%
NE VALJA DOLAR A Andora la Velja
19%
KURS GLUME B Luksemburg
19%
LET LAVA A La Valeta
15%
No matching quizzes found
Score Distribution
Percent of People with Each Score
Percentile by Number Answered
Your Score History
You have not taken this quiz since the last reset